000 00906nam a2200289Ia 4500
005 20220317001142.0
008 160825s2007 sp a g 000 0 spa
020 _a97884342209012
082 0 4 _a759
_bR68c
100 1 _aRovira Sumalla, Albert
245 1 0 _aCómo reconocer estilos
_credacción Albert Rovira Sumalla
250 _a6a. edición
300 _a95 páginas
_bilustraciones
_c20 cm
490 _aManuales Parramón
_pamarilla
500 _aIncluye índice
650 1 4 _2LEMB
_aArte
_xHistoria
650 1 4 _2LEMB
_aPintura
_xHistoria
650 1 4 _2LEMB
_aPintura renacentista
650 1 4 _2LEMB
_aPintura neoclásica
650 1 4 _2LEMB
_aPintura barroca
942 _2ddc
_cBK
264 _aBarcelona
_bParramón
_c2007
336 _atexto
_btxt
_2rdacontent
337 _asin mediación
_bn
_2rdamedia
338 _avolumen
_bnc
_2rdacarrier
040 _aCO-BoRNBP
_bspa
_erda
_cCO-BoRNBP
999 _c6085
_d6085